000 00289nam a2200109Ia 4500
008 220217s9999||||xx |||||||||||||| ||und||
100 _aSrivasthava, S, K
_92859
245 0 _aC in depth
260 _aIDG bokks
_bNew Delhi
_c1999
300 _a410p
_b150
650 _aPROGRAMMING LANGUAGE
999 _c170137
_d170137